000 00277nam a22001337a 4500
008 171102b xxu||||| |||| 00| 0 eng d
020 _a9780071352420
041 _aeng
080 _a33
100 _a59
101 _aBUS
245 _aNET READY
_cHARTMAN,A
942 _2udc
_cBK
999 _c37239
_d37239